[Event "AUTO-OPEN-872"]
[Site "http://www.queenalice.com/game.php?id=289671"]
[Date "2007.10.19"]
[Round "1"]
[White "fornov_ik"]
[Black "HERMIONE"]
[Result "0-1"]
[WhiteElo "1495"]
[BlackElo "1861"]

1. e4 e5 2. d4 exd4 3. Qxd4 Nc6 4. Qe3 Nf6 5. Bb5 Bb4+ 6. c3 Be7 7. Bxc6 dxc6 8.
e5 Nd5 9. Qg3 g6 10. Bg5 Bxg5 11. h4 Bf4 12. Qf3 Qe7 13. Nh3 Qxe5+ 14. Qe2 Qxe2+
15. Kxe2 Bd6 16. Nd2 O-O 17. Ng5 Nf4+ 18. Kd1 Nxg2 19. Nde4 Bf5 20. Nf6+ Kg7 21.
Nfxh7 Rfe8 22. Rg1 Nf4 23. f3 Rad8 0-1

[Event "AUTO-OPEN-872"]
[Site "http://www.queenalice.com/game.php?id=289672"]
[Date "2007.10.19"]
[Round "1"]
[White "HERMIONE"]
[Black "Rafale2000"]
[Result "0-1"]
[WhiteElo "1865"]
[BlackElo "1954"]

1. e4 Nf6 2. e5 Nd5 3. c4 Nb6 4. c5 Nd5 5. d4 d6 6. cxd6 cxd6 7. Nf3 Bg4 8. Be2
e6 9. O-O Nc6 10. exd6 Bxd6 11. h3 h5 12. Bg5 f6 13. Bd2 Bf5 14. a3 Rc8 15. Bb5
a6 16. Ba4 Kf7 17. Nc3 Nb6 18. Bc2 Bg4 19. Be3 Nc4 20. Qb1 Nxe3 21. fxe3 Bxf3
22. Rxf3 Rh6 23. Ne4 Bb8 24. Qe1 Qc7 25. Qf1 f5 26. Bb3 Ke8 27. Ng5 Na5 28. Bxe6
Qh2+ 29. Kf2 Rc2+ 30. Ke1 Rxg2 31. Rf2 Bg3 0-1

[Event "AUTO-OPEN-872"]
[Site "http://www.queenalice.com/game.php?id=289673"]
[Date "2007.10.19"]
[Round "1"]
[White "Rafale2000"]
[Black "HERMIONE"]
[Result "0-1"]
[WhiteElo "1882"]
[BlackElo "1824"]

1. e4 e5 2. Nf3 Nc6 3. d4 exd4 4. Bc4 Nf6 5. e5 d5 6. Bb5 Ne4 7. Nxd4 Bc5 8.
Nxc6 Bxf2+ 9. Kf1 Qh4 10. Qxd5 O-O 11. Ne7+ Kh8 12. Nd2 Nxd2+ 13. Qxd2 Bb6 14.
Nd5 Rd8 15. Qf4 Qxf4+ 16. Bxf4 Rxd5 17. Bc4 Rd4 18. Be3 Rxc4 19. Bxb6 axb6 20.
Rd1 Bf5 21. c3 h5 22. h3 Rxa2 23. g4 Bc2 24. Rd8+ Kh7 25. Kf2 Rxb2 0-1

[Event "AUTO-OPEN-872"]
[Site "http://www.queenalice.com/game.php?id=289674"]
[Date "2007.10.19"]
[Round "1"]
[White "HERMIONE"]
[Black "rogeriolins"]
[Result "1-0"]
[WhiteElo "1817"]
[BlackElo "1010"]

1. e4 e5 2. Nf3 Be7 3. Nxe5 f6 4. Qh5+ g6 5. Nxg6 hxg6 6. Qxh8 Kf8 7. d4 Qe8 8.
Bh6+ Kf7 9. Qh7+ Ke6 10. d5+ Kd6 11. Bf4+ Kc5 12. Bxc7 d6 13. b4+ Kxb4 14. a3+
Kc5 15. Nc3 Nd7 16. Qh3 Nf8 17. Qe3# 1-0

[Event "AUTO-OPEN-872"]
[Site "http://www.queenalice.com/game.php?id=289675"]
[Date "2007.10.19"]
[Round "1"]
[White "rogeriolins"]
[Black "HERMIONE"]
[Result "0-1"]
[WhiteElo "1018"]
[BlackElo "1845"]

1. e4 e5 2. Bd3 Nc6 3. Nf3 Nf6 4. O-O Bc5 5. c4 O-O 6. b3 Nb4 7. Be2 Nxe4 8.
Nxe5 Qf6 9. Bb2 Nxf2 10. Qe1 Nfd3+ 11. Kh1 Nxe1 12. Rxf6 gxf6 13. Nf3 Nxf3 14.
Bxf3 Nc2 0-1

[Event "Tom Marvolo Riddle"]
[Site "http://www.queenalice.com/game.php?id=292270"]
[Date "2007.10.24"]
[Round "-"]
[White "HERMIONE"]
[Black "ESSantos"]
[Result "0-1"]
[WhiteElo "1856"]
[BlackElo "1786"]

1. e4 e5 2. Nf3 Qf6 3. d4 exd4 4. Qxd4 Qxd4 5. Nxd4 Bc5 6. Nf3 Nc6 7. Bc4 Nb4 8.
Bb3 a5 9. a3 Nc6 10. O-O d6 11. Nc3 Be6 12. Nd5 O-O-O 13. Ng5 Ne5 14. Nxe6 fxe6
15. Nc3 Re8 16. Kh1 Nf6 17. h3 c6 18. Na4 Ba7 19. f4 Ng6 20. Nc3 b5 21. Re1 a4
22. Ba2 Bf2 23. Rf1 Bd4 24. Re1 h5 25. Ne2 Bf2 26. Rd1 Nxe4 27. b3 d5 28. c4
dxc4 29. bxc4 Rd8 30. Bb2 Rxd1+ 31. Rxd1 Rd8 32. Rxd8+ Kxd8 33. cxb5 cxb5 34.
Bxe6 Ng3+ 35. Nxg3 Bxg3 36. f5 Nf4 37. Ba2 g6 38. f6 Bf2 39. Bc1 g5 40. Bd2 Bc5
41. Bc1 Bd6 42. Bb2 Nd3 43. Bc3 Bxa3 44. f7 Bf8 45. Bd2 g4 46. hxg4 hxg4 47. Bb1
Ne5 48. Ba2 b4 49. Bf4 Nd3 50. Bg5+ Kc7 51. Bb1 Ne5 52. Bf5 Nxf7 53. Bf4+ Kc6
54. Bxg4 b3 55. Bc1 a3 56. Bf5 b2 57. Bxb2 axb2 58. Kh2 Ne5 59. Kh3 Kd5 60. g4
Kd4 61. g5 Nd3 0-1

[Event "BOARD 1, DIV B"]
[Site "http://www.queenalice.com/game.php?id=303119"]
[Date "2007.11.13"]
[Round "1"]
[White "HERMIONE"]
[Black "Amadeus"]
[Result "0-1"]
[WhiteElo "1839"]
[BlackElo "2551"]

1. e4 e5 2. Nf3 Nf6 3. Nc3 Nc6 4. Bb5 Nd4 5. O-O Nxb5 6. Nxb5 c6 7. Nc3 d6 8. h3
Be7 9. Re1 O-O 10. d4 Qc7 11. Be3 b5 12. a3 Be6 13. d5 cxd5 14. exd5 Bd7 15. Qe2
Rfc8 16. Rac1 Rab8 17. Bg5 b4 18. Bxf6 bxc3 19. Bxe7 cxb2 20. Rb1 Bf5 21. Bg5
Bxc2 22. Rxb2 Rxb2 23. Qa6 Rb6 24. Qe2 Qc4 25. Qxc4 Rxc4 26. Kh2 Rb5 0-1

[Event "Dominicini"]
[Site "http://www.queenalice.com/game.php?id=303172"]
[Date "2007.11.13"]
[Round "2"]
[White "pensalo"]
[Black "HERMIONE"]
[Result "1-0"]
[WhiteElo "2261"]
[BlackElo "1844"]

1. e4 e5 2. Nf3 Nc6 3. Bb5 a6 4. Ba4 Nf6 5. O-O b5 6. Bb3 Bb7 7. Re1 Bc5 8. c3
d6 9. d4 Bb6 10. a4 O-O 11. Bg5 h6 12. Bh4 g5 13. Bg3 Nh5 14. Nxe5 dxe5 15. Qxh5
Qf6 16. Bd5 exd4 17. e5 Qg7 18. e6 fxe6 19. Rxe6 Nd8 20. Rxb6+ Bxd5 21. Rg6 1-0

[Event "HelderNanques"]
[Site "http://www.queenalice.com/game.php?id=314214"]
[Date "2007.12.3"]
[Round "2"]
[White "Danado"]
[Black "HERMIONE"]
[Result "0-1"]
[WhiteElo "1619"]
[BlackElo "1845"]

1. e3 e5 2. Nc3 d5 3. d4 e4 4. Nh3 Bxh3 5. gxh3 Nf6 6. f3 Bb4 7. Bg2 Nc6 8. a3
Ba5 9. Bd2 Bxc3 10. Bxc3 O-O 11. fxe4 Nxe4 12. Bxe4 dxe4 13. Qg4 Re8 14. d5 Ne5
15. Qxe4 Ng6 16. Qd4 Qh4+ 17. Kd2 Qxd4+ 18. Bxd4 Rad8 19. c4 Ne5 20. Bxe5 Rxe5
21. Rhg1 b5 22. b3 c6 23. Ke2 cxd5 24. cxb5 d4 25. Rgd1 Rxe3+ 26. Kf2 Rxb3 27.
a4 d3 28. Rd2 Rb4 29. Ke3 Rb3 30. Rc1 g6 31. Rcd1 Ra3 32. Rxd3 Rdxd3+ 33. Rxd3
Rxa4 34. Rd7 Ra5 35. Rb7 Kg7 36. Kd4 Kf6 37. Kc5 a6 38. Kb4 Rxb5+ 39. Rxb5 axb5
40. Kxb5 Ke5 41. Kc6 f5 0-1

[Event "AUTO-OPEN-794"]
[Site "http://www.queenalice.com/game.php?id=344224"]
[Date "2008.1.28"]
[Round "2"]
[White "aknightout"]
[Black "HERMIONE"]
[Result "1-0"]
[WhiteElo "2056"]
[BlackElo "1853"]

1. e4 e5 2. Nf3 Nc6 3. g3 b6 4. Bg2 Bb7 5. d3 h6 6. O-O Qf6 7. c3 O-O-O 8. b4 g5
9. a4 g4 10. Nh4 h5 11. Be3 Bh6 12. Nf5 Nge7 13. Nxh6 Rxh6 14. Bxh6 Qxh6 15. Qd2
Qh7 16. d4 exd4 17. cxd4 Nxd4 18. Qxd4 1-0

[Event "AUTO-OPEN-794"]
[Site "http://www.queenalice.com/game.php?id=344225"]
[Date "2008.1.28"]
[Round "2"]
[White "HERMIONE"]
[Black "aknightout"]
[Result "0-1"]
[WhiteElo "1864"]
[BlackElo "1988"]

1. e4 e5 2. Nf3 d6 3. Nc3 Nf6 4. Bc4 Be7 5. O-O O-O 6. h3 c6 7. d4 exd4 8. Nxd4
Nxe4 9. Bxf7+ Rxf7 10. Nxe4 d5 11. Nc3 Nd7 12. Ne6 Qb6 13. Qh5 Nf6 14. Qe5 c5
15. Ng5 Bd6 0-1

[Event "AUTO-OPEN-872"]
[Site "http://www.queenalice.com/game.php?id=361190"]
[Date "2008.2.26"]
[Round "2"]
[White "Indefinable"]
[Black "HERMIONE"]
[Result "1-0"]
[WhiteElo "2103"]
[BlackElo "1844"]

1. c4 Nf6 2. d4 g6 3. Nc3 Bg7 4. e4 d6 5. f4 O-O 6. Bd3 c5 7. Nf3 cxd4 8. Nxd4
Nc6 9. Nc2 Bg4 10. Be2 Bxe2 11. Qxe2 Qb6 12. Nb5 a6 13. Be3 Qd8 14. Nc3 Qa5 15.
O-O Qh5 16. Rf3 Rac8 17. Qd3 Ng4 18. Rh3 Qa5 19. Bd2 Qb6+ 20. Be3 Nxe3 21. Rxe3
Nd4 22. Ne1 Ne6 23. Kh1 Nc5 24. Qd2 e5 25. f5 Bh6 26. Nd5 Qd8 27. f6 Bxe3 28.
Qxe3 Ne6 29. Ne7+ Kh8 30. Nxc8 Qxc8 31. b3 1-0

[Event "AUTO-OPEN-872"]
[Site "http://www.queenalice.com/game.php?id=361191"]
[Date "2008.2.26"]
[Round "2"]
[White "HERMIONE"]
[Black "Indefinable"]
[Result "0-1"]
[WhiteElo "1850"]
[BlackElo "2098"]

1. e4 c5 2. Nf3 Nc6 3. d4 cxd4 4. Nxd4 e5 5. Nxc6 bxc6 6. Bc4 Qh4 7. Qf3 Nf6 8.
Nc3 Bc5 9. Be3 Bxe3 10. Qxe3 O-O 11. O-O-O Ng4 12. g3 Nxe3 13. gxh4 Nxc4 14. b3
Nb6 15. Rhg1 Bb7 16. Rg5 f6 17. Rg4 d5 18. exd5 Nxd5 19. Nxd5 cxd5 20. Rdg1 Rf7
21. f4 d4 22. fxe5 fxe5 23. Re1 Bf3 24. Rg5 e4 25. Rd5 Rf4 26. Rxd4 Rxh4 27. Rd2
Re8 28. Rf2 Rd8 29. Re3 Rd1+ 30. Kb2 Rh1 0-1

[Event "Dominicini"]
[Site "http://www.queenalice.com/game.php?id=376432"]
[Date "2008.3.24"]
[Round "3"]
[White "HERMIONE"]
[Black "jnable"]
[Result "0-1"]
[WhiteElo "1804"]
[BlackElo "1973"]

1. e4 c6 2. d4 d5 3. exd5 cxd5 4. Bd3 Nf6 5. Nf3 Nc6 6. O-O Bg4 7. c3 e6 8. Bg5
Be7 9. Nbd2 O-O 10. Qc2 h6 11. Bh4 Nd7 12. Bxe7 Qxe7 13. h3 Bxf3 14. Nxf3 Rac8
15. Rfe1 Nb4 16. Qb1 Nxd3 17. Qxd3 Nb6 18. Ne5 Nc4 19. Nxc4 Rxc4 20. b3 Rc6 21.
c4 dxc4 0-1

[Event "BOARD 1, DIV B"]
[Site "http://www.queenalice.com/game.php?id=385630"]
[Date "2008.4.11"]
[Round "2"]
[White "HERMIONE"]
[Black "Carlos75"]
[Result "0-1"]
[WhiteElo "1852"]
[BlackElo "2490"]

1. e4 e5 2. Nf3 Nc6 3. Nc3 Nf6 4. d4 exd4 5. Nxd4 Bb4 6. Nxc6 bxc6 7. Bd3 d5 8.
exd5 cxd5 9. O-O O-O 10. Bd2 Bg4 11. Be2 Bxe2 12. Qxe2 Re8 13. Qf3 d4 14. Nb1
Rb8 15. b3 Bd6 16. Bg5 Qe7 17. Nd2 Qe5 0-1

[Event "HelderNanques"]
[Site "http://www.queenalice.com/game.php?id=394562"]
[Date "2008.4.28"]
[Round "3"]
[White "HERMIONE"]
[Black "Patrick77"]
[Result "0-1"]
[WhiteElo "1838"]
[BlackElo "1735"]

1. e4 e5 2. Nf3 Nc6 3. Bc4 Nf6 4. Nc3 h6 5. O-O Bc5 6. d3 a6 7. a3 O-O 8. Nd5
Nxd5 9. exd5 Na5 10. b4 Nxc4 0-1

[Event "Ajedrez!"]
[Site "http://www.queenalice.com/game.php?id=399379"]
[Date "2008.5.7"]
[Round "-"]
[White "luizantoniosetti"]
[Black "HERMIONE"]
[Result "1-0"]
[WhiteElo "1876"]
[BlackElo "1818"]

1. e4 e6 2. d3 d5 3. Nd2 Nf6 4. e5 Nfd7 5. Ngf3 c5 6. g3 Nc6 7. Bg2 Be7 8. O-O
O-O 9. Re1 Qc7 10. Qe2 b6 11. c3 1-0